| 000 | 00577cam a22001937a 4500 | ||
|---|---|---|---|
| 999 |
_c6974 _d6974 |
||
| 020 | _a0534407072 | ||
| 050 | 0 | 0 |
_aQA76.575 _b.Ab3 |
| 100 | 1 | _aAbernethy, Ken. | |
| 245 | 1 | 0 |
_aExploring the digital domain : _ban introduction to digital information fluency / _cKen Abernethy, Tom Allen. |
| 250 | _a2nd ed. | ||
| 260 |
_aBelmont, CA : _bThomson/Brooks/Cole, _cc2004. |
||
| 300 |
_axxii, 439 p. : _bill. ; _c28 cm. |
||
| 500 | _aIncludes index | ||
| 650 | 0 | _aMultimedia systems | |
| 650 | 0 | _aComputers | |
| 650 | 0 | _aComputer networks | |
| 700 | 1 | _aAllen, J. Thomas, | |
| 942 | _cBK | ||